Quiz literatura española e hispanoamericana - Estadísticas

Estadísticas generales
  • Esta prueba ha sido intentada 255 veces
  • La puntuación promedio es 8 de 20
Estadísticas de respuestas
Hint Respuesta % Correcto
Poeta en Nueva York Federico García Lorca
90%
Campos de Castilla Antonio Machado
71%
La vida es sueño Calderón de la Barca
68%
La Celestina Fernando de Rojas
65%
Fuenteovejuna Lope de Vega
64%
Los pazos de Ulloa Emilia Pardo Bazán
57%
La canción del pirata José de Espronceda
52%
Nana de la cebolla Miguel Hernández
47%
En las orillas del Sar Rosalía de Castro
36%
Milagros de Nuestra Señora Gonzalo de Berceo
31%
Fábula de Polifemo y Galatea Luis de Góngora
28%
Miau Benito Pérez Galdós
26%
El otoño del patriarca Gabriel García Márquez
26%
El llano en llamas Juan Rulfo
25%
Pantaleón y las visitadoras Mario Vargas Llosa
23%
Maese Pérez el organista Gustavo Adolfo Bécquer
22%
Tirant lo blanc Joanot Martorell
19%
Mazurca para dos muertos Camilo José Cela
18%
Te trataré como a un reina Rosa Montero
10%
El salón de ámbar Matilde Asensi
4%
No se encontraron pruebas coincidentes
Distribución de puntuación
Porcentaje de gente con cada puntuación
Porcentaje por número respondido
Historial de tus puntuaciones
No has intentado esta prueba.